Global governance reform (Record no. 243333)
[ view plain ]
| 000 -LEADER | |
|---|---|
| fixed length control field | 01740nam a2200349 a 4500 |
| 082 04 - DEWEY DECIMAL CLASSIFICATION NUMBER | |
| Classification number | 341.2 |
| 245 00 - TITLE STATEMENT | |
| Title | Global governance reform |
| 260 ## - PUBLICATION, DISTRIBUTION, ETC. (IMPRINT) | |
| Place of publication | Washington, D.C. : |
| Name of publisher | Brookings Institution Press, |
| Year of publication | c2007. |
| 300 ## - PHYSICAL DESCRIPTION | |
| Number of Pages | xiii, 142 p. : |
| Other physical details | ill. |
| 520 ## - SUMMARY, ETC. | |
| Summary, etc | "Explores a wide range of challenges facing the international community in reforming international institutions and global governance groups. Argues for reform of global governance groups, especially reconstituting the G8, and individual institutional reforms in the IMF, World Bank, and the United Nations and in global health and environmental governance"--Provided by publisher. |
| 650 #0 - SUBJECT ADDED ENTRY--TOPICAL TERM | |
| Topical Term | International organization. |
| Topical Term | International cooperation. |
| 700 1# - ADDED ENTRY--PERSONAL NAME | |
| Personal name | Bradford, Colin I. |
| Personal name | Linn, Johannes F. |
| 856 40 - ELECTRONIC LOCATION AND ACCESS | |
| Uniform Resource Identifier | http://site.ebrary.com/lib/rucke/Doc?id=10160991 |
No items available.
